A Catholic - Hindu encouter : (Record no. 802)
[ view plain ]
| 000 -LEADER | |
|---|---|
| fixed length control field | 00926nam a2200157Ia 4500 |
| 005 - DATE AND TIME OF LATEST TRANSACTION | |
| control field | 20240718070845.0 |
| 008 - FIXED-LENGTH DATA ELEMENTS--GENERAL INFORMATION | |
| fixed length control field | 240331s9999 xx 000 0 und d |
| 020 ## - INTERNATIONAL STANDARD BOOK NUMBER | |
| ISBN | 9559263009 |
| 082 ## - DDC Classification | |
| Class No. | 200.9 |
| Item Number - Author Mark | SAV |
| 100 ## - MAIN ENTRY--PERSONAL NAME | |
| Personal name | Saverj, N.M. |
| 245 #2 - TITLE STATEMENT | |
| Title | A Catholic - Hindu encouter : |
| Remainder of title | relations between Roman Catholics and Hindus in Jaffna Sri Lanka ,1900-1926 |
| 260 ## - PUBLICATION, DISTRIBUTION, ETC. | |
| Place of publication, distribution, etc. | Jaffna |
| Name of publisher, distributor, etc. | Centre For Performing Arts |
| Date of publication, distribution, etc. | |
| 300 ## - PHYSICAL DESCRIPTION | |
| Extent (e.g. Volumes, Pages etc.) | iv, 347 p ., |
| 500 ## - GENERAL NOTE | |
| General note | This book on an Important theme is a solid contribution to the social history of the Tamil peoples in the Jaffna peninsula. the author has demonstrated a highly commendable understanding of two major religions. The study is written in lucid and eminently readable style and arrests the eager attention of the reader. Books on modern Jaffna are few. and Dr. Saveri's study is an invaluable contribution to our knowledge of the more recent past in northernmost Sri Lanka |
| 942 ## - Koha item type (Biblio) | |
| Koha item type | Books in Stacks (Lending) |
| Lost status | Damaged status | Collection code | Home library | Current library | Shelving location | Date acquired | Full call number | Accession Number | Item type |
|---|---|---|---|---|---|---|---|---|---|
| Lending | WERC Library | WERC Library | Social Science Cupboard | 03/31/2024 | 200.9 SAV | 3793 | Books in Stacks (Lending) |
